Naturaleza y propiedades de los suelos /

Guardado en:
Autor Principal: Buckman, Harry O
Formato: Libro
Publicado: Barcelona : Montaner y Simon, 1977
Materias:
Etiquetas: Agregar Etiqueta
Sin Etiquetas, Sea el primero en etiquetar este registro!
LEADER 00713nam a22001935a 4500
001 CEM.cems015744
005 20091207145342.0
008 130507s1977##################000#0#####d
003 CEMS
082 0 4 |a 631.4 
100 1 |a Buckman, Harry O 
245 1 0 |a Naturaleza y propiedades de los suelos /  |c Harry O Buckman, Nyle C Brady 
260 |a Barcelona :  |b Montaner y Simon,  |c 1977 
300 |a 590 p. 
653 |a Edafología-enseñanza 
859 |a CEMS  |b BIB. CEMS - Agricultura  |h 631.4  |i B557  |p A10941.82  |t Ej.2 
859 |a CEMS  |b BIB. CEMS - Agricultura  |h 631.4  |i B557  |p A10942.82  |t Ej.3 
859 |a CEMS  |b BIB. CEMS - Agricultura  |h 631.4  |i B557  |p A11490.82  |t Ej.4 
859 |a CEMS  |b BIB. CEMS - Agricultura  |h 631.4  |i B557  |p A8608.80  |t Ej.1